chansons de renaud - Statistiques

Statistiques générales
  • Ce quiz a été pris 40 fois
  • Le résultat moyen est 7 sur 15
Statistiques - réponses
paroles reponses % Correct
te parler du bon temps qu'est mort ou qui reviendra ... mistral gagnant
91%
aller viens derrière l'église histoire que je te dévalise... laisse béton
74%
j' croyait qu'un mec en cuir ça pouvait pas chialer ... manu
74%
ils s'embrassent au mois de janvier ... hexagone
71%
tu risque de donner faim à un tas de p'tits mecs ... morgane de toi
69%
depuis sa pétition il y a trois ans pour le Chili .... dans mon HLM
60%
pour s'virer à Katmandou au Népal ... marche à l'ombre !
60%
le jour ou tu te ramène j'arrête de boire promis ... chanson pour pierrot
54%
camarade fils à papa ... camarade bourgeois
43%
après moi qui viendra après moi c'est pas fini ... société tu m'auras pas !
40%
j'me fends la geule ... je suis une bande de jeunes
20%
pas sur le pont du Clémanceau... les trois matelots
20%
énervé par france intox ... l'aquarium
9%
500 blaireaux sur leurs motos ... 500 conards sur la ligne de départ
3%
elle est quand même étonnée d'être surprise ... la pepette qui part en vacance
0%
Aucun quiz correspondant
Distribution des résultats
% des personnes avec chaque résultat
Percentile par nombre de réponses
Votre historique - résultats
Vous n’avez pas pris ce quiz